Library Banner

نصرت فتح علی خان (Record no. 79251)

MARC details
000 -LEADER
fixed length control field 00412nam a22001457a 4500
005 - DATE AND TIME OF LATEST TRANSACTION
control field 20151130143408.0
008 - FIXED-LENGTH DATA ELEMENTS--GENERAL INFORMATION
fixed length control field 151130b xxu||||| |||| 00| 0 eng d
040 ## - CATALOGING SOURCE
Transcribing agency PK-LaUMT
082 ## - DEWEY DECIMAL CLASSIFICATION NUMBER
Classification number MSC 780.92
Item number AHM-N
100 ## - MAIN ENTRY--PERSONAL NAME
Personal name احمد عقیل روبی
245 ## - TITLE STATEMENT
Title نصرت فتح علی خان
Statement of responsibility, etc احمد عقیل روبی
260 ## - PUBLICATION, DISTRIBUTION, ETC. (IMPRINT)
Place of publication, distribution, etc لاہور
Name of publisher, distributor, etc ورڈز آف وزڈم
Date of publication, distribution, etc 1992
300 ## - PHYSICAL DESCRIPTION
Extent 200 ص
942 ## - ADDED ENTRY ELEMENTS (KOHA)
Koha item type Books
Holdings
Withdrawn status Lost status Damaged status Home library Current library Date acquired Full call number Barcode Date last seen Price effective from Koha item type
      UMT Main Campus UMT Main Campus 2015-11-30 MSC 780.92 AHM-N 95392 2019-12-11 2015-11-30 Books